| 000 | 00590nam a2200205 i 4500 | ||
|---|---|---|---|
| 001 | 39838 | ||
| 003 | ES-MaACL | ||
| 005 | 20250820051412.0 | ||
| 007 | t| | ||
| 008 | 030304s1962 sp ||||1| spa d | ||
| 100 | 1 |
_aCapanaga, Victorino. _934776 |
|
| 245 | 1 | 3 |
_aLa mediación mariana y la gracia de las conversiones / _cVictorino Capanaga. |
| 260 |
_aSan Sebastián : _bDinor, _c1962. |
||
| 300 |
_a207 p. ; _c19 cm. |
||
| 490 | 1 | _aPrisma | |
| 600 | 0 | 4 |
_aVirgen María _9115436 |
| 830 | 0 | 0 |
_aPrisma _9180749 |
| 852 |
_aES-MaACL _jC-21471 _bR.49843 |
||
| 999 |
_c39838 _d39838 |
||